[Event "Graz Casino Open 2014"]
[Site "Graz AUT"]
[Date "2014.02.16"]
[Round "4.8"]
[White "Aschenbrenner, Robert"]
[Black "Schreiner, Peter"]
[Result "1/2-1/2"]
[WhiteTitle "FM"]
[BlackTitle "IM"]
[WhiteElo "2265"]
[BlackElo "2487"]
[WhiteFideId "1608797"]
[BlackFideId "1621645"]
[EventDate "2014.02.14"]

1. d4 Nf6 2. c4 g6 3. Nc3 d5 4. Bf4 Bg7 5. e3 O-O 6. cxd5 Nxd5 7. Nxd5 Qxd5 8.
Bxc7 Na6 9. Bxa6 Qxg2 10. Qf3 Qxf3 11. Nxf3 bxa6 12. Rg1 f6 13. Rc1 Rf7 14. Ke2
Bd7 15. b3 e5 16. Bd6 Bb5+ 17. Kd2 Rd8 18. Bc5 e4 19. Ne1 f5 20. a4 Be8 21. f4
exf3 22. Nxf3 Rb7 23. Rc3 Bf7 24. b4 Bd5 25. Rf1 Re8 26. h4 h6 27. h5 g5 28. Ne5
Bxe5 29. Rxf5 Bh2 30. Rxd5 g4 31. Kd3 g3 32. Rc2 Rf7 33. Rg2 Rf3 34. Re5 Rxe5
35. dxe5 Rf5 36. e6 Rxh5 37. Ke4 Rg5 38. e7 Kf7 39. Rd2 Re5+ 40. Kf3 Rf5+ 41.
Kg2 Rf2+ 42. Rxf2+ gxf2 43. Kxf2 Be5 44. b5 axb5 45. axb5 Bf6 46. Bxa7 Bxe7 47.
Kf3 Ke6 48. e4 h5 49. Be3 Bf8 50. Bd4 Bh6 51. b6 Kd7 52. e5 Kc6 53. Ke4 h4 54.
Kf3 Bg7 55. Kg4 Bxe5 56. Bxe5 Kxb6 57. Kxh4 1/2-1/2

[Event "Graz Casino Open 2014"]
[Site "Graz AUT"]
[Date "2014.02.16"]
[Round "4.9"]
[White "Barbosa, Evandro Amorim"]
[Black "Danner, Georg"]
[Result "1-0"]
[WhiteTitle "IM"]
[BlackTitle "IM"]
[WhiteElo "2459"]
[BlackElo "2336"]
[WhiteFideId "2115824"]
[BlackFideId "1600303"]
[EventDate "2014.02.14"]

1. e4 c5 2. Nf3 d6 3. d4 cxd4 4. Nxd4 Nf6 5. Nc3 Nc6 6. Bg5 Bd7 7. Qd2 Rc8 8. f4
Nxd4 9. Qxd4 Qa5 10. e5 dxe5 11. fxe5 Qc5 12. O-O-O Qxd4 13. Rxd4 Rc5 14. Bb5
Rxc3 15. bxc3 Bxb5 16. exf6 exf6 17. Re1+ Be7 18. Rde4 O-O 19. Rxe7 fxg5 20.
Rxb7 Bc6 21. Rxa7 Bxg2 22. Rg1 Bf3 23. Rxg5 g6 24. Rc5 Kg7 25. a4 h6 26. a5 g5
27. a6 Kg6 28. Rac7 f5 29. a7 Kh5 30. Rc8 Rf7 31. a8=Q Bxa8 32. Rxa8 f4 33. Kd2
Kg4 34. Ke2 Kh3 35. Kf2 Kg4 36. Rd8 Kh4 37. Rd6 h5 38. Rg6 g4 39. Rh6 g3+ 40.
Kf3 1-0

[Event "Graz Casino Open 2014"]
[Site "Graz AUT"]
[Date "2014.02.16"]
[Round "4.10"]
[White "Singer, Richard"]
[Black "Diermair, Andreas"]
[Result "0-1"]
[WhiteTitle "FM"]
[BlackTitle "IM"]
[WhiteElo "2247"]
[BlackElo "2459"]
[WhiteFideId "1602810"]
[BlackFideId "1612468"]
[EventDate "2014.02.14"]

1. d4 d5 2. Nf3 Nf6 3. g3 e6 4. Bg2 b5 5. O-O Bb7 6. Nbd2 c5 7. c3 Nbd7 8. e3
Be7 9. Ne5 O-O 10. Qe2 b4 11. c4 Nxe5 12. dxe5 Nd7 13. f4 Nb6 14. b3 a5 15. Bb2
a4 16. Rab1 axb3 17. axb3 Ra2 18. f5 exf5 19. Rxf5 Bc8 20. Rf2 Be6 21. Qf1 Bg5 0-1

[Event "Graz Casino Open 2014"]
[Site "Graz AUT"]
[Date "2014.02.16"]
[Round "4.11"]
[White "Spindelboeck, Gernot"]
[Black "Santiago, Yago De Moura"]
[Result "0-1"]
[BlackTitle "IM"]
[WhiteElo "2253"]
[BlackElo "2451"]
[WhiteFideId "1604511"]
[BlackFideId "2103877"]
[EventDate "2014.02.14"]

1. d4 e6 2. c4 Bb4+ 3. Bd2 a5 4. g3 Nf6 5. Bg2 O-O 6. Nf3 d6 7. O-O Nbd7 8. Bg5
d5 9. c5 a4 10. a3 Bxc5 11. dxc5 Nxc5 12. Nbd2 h6 13. Bxf6 Qxf6 14. Qc2 b6 15.
Qc3 Qe7 16. Ne5 Bb7 17. Nd3 Na6 18. e4 d4 19. Qc2 c5 20. Ne5 Qc7 21. f4 b5 22.
Ndf3 Rfd8 23. Rae1 c4 24. f5 f6 25. Ng6 e5 26. h4 Nc5 27. Nd2 Nd3 28. Rd1 Qf7
29. g4 Ba6 30. g5 b4 31. axb4 Nxb4 32. Qxa4 Rdb8 33. gxf6 gxf6 34. Rf3 Bc8 35.
Qxa8 Rxa8 36. Rg3 Kh7 37. Nxc4 Ba6 38. Nd2 Be2 39. Rc1 d3 40. Kh2 Nc2 41. Bf1
Qb7 42. Rxd3 Bxd3 43. Bxd3 Ne3 44. Nc4 Nxc4 45. Rxc4 Qxb2+ 46. Rc2 Qxc2+ 47.
Bxc2 Ra2 48. Kg3 Rxc2 49. Nf8+ Kg8 50. Ne6 h5 51. Kf3 Rc3+ 52. Kg2 Re3 53. Nc5
Kf7 0-1

[Event "Graz Casino Open 2014"]
[Site "Graz AUT"]
[Date "2014.02.16"]
[Round "4.12"]
[White "Berchtenbreiter, Maximilian"]
[Black "Petschar, Kurt"]
[Result "1-0"]
[WhiteTitle "IM"]
[BlackTitle "FM"]
[WhiteElo "2421"]
[BlackElo "2317"]
[WhiteFideId "24641120"]
[BlackFideId "1600478"]
[EventDate "2014.02.14"]

1. e4 e5 2. Nf3 Nc6 3. Bc4 Nf6 4. d3 Be7 5. c3 O-O 6. Bb3 d5 7. Qe2 Re8 8. Nbd2
Be6 9. Bc2 a5 10. h3 h6 11. Nf1 a4 12. a3 Bc5 13. g4 b5 14. Ne3 Nh7 15. Bd2 Na5
16. Nxe5 dxe4 17. d4 Nb3 18. Rd1 Bxd4 19. Nc6 Qh4 20. Nxd4 Nxd4 21. cxd4 Ng5 22.
Ng2 1-0

[Event "Graz Casino Open 2014"]
[Site "Graz AUT"]
[Date "2014.02.16"]
[Round "4.13"]
[White "Ohme, Melanie"]
[Black "Stagl, Marco"]
[Result "1-0"]
[WhiteTitle "WGM"]
[WhiteElo "2330"]
[BlackElo "2155"]
[WhiteFideId "4690745"]
[BlackFideId "1604724"]
[EventDate "2014.02.14"]

1. e4 d5 2. exd5 Qxd5 3. Nc3 Qd6 4. g3 Nf6 5. Bg2 Bg4 6. Nge2 Nc6 7. d4 a6 8.
Bf4 Qd7 9. d5 Nb4 10. a3 Bxe2 11. Kxe2 e5 12. Be3 Nbxd5 13. Bxd5 Rd8 14. Bf3 Qe6
15. Qb1 e4 16. Bg2 Qc4+ 17. Ke1 Bd6 18. Qa2 Qc6 19. Ke2 Be5 20. Qb3 Bxc3 21.
Qxc3 Qb5+ 22. Ke1 O-O 23. a4 Qh5 24. h3 Nd5 25. Qb3 f5 26. Rd1 c6 27. Kd2 Kh8
28. Kc1 b5 29. a5 Qg6 30. Rhg1 Qe8 31. Rge1 Qg6 32. Bc5 Rfe8 33. h4 Qf7 34. f3
Qc7 35. fxe4 Qxa5 36. Qa3 1-0

[Event "Graz Casino Open 2014"]
[Site "Graz AUT"]
[Date "2014.02.16"]
[Round "4.14"]
[White "Schweitzer, Werner"]
[Black "Perhinig, Robert"]
[Result "0-1"]
[BlackTitle "FM"]
[WhiteElo "2055"]
[BlackElo "2273"]
[WhiteFideId "1622927"]
[BlackFideId "1602888"]
[EventDate "2014.02.14"]

1. e4 e6 2. d4 d5 3. Nd2 a6 4. Ngf3 Nf6 5. e5 Nfd7 6. Bd3 c5 7. c3 Nc6 8. O-O
Be7 9. Re1 g5 10. dxc5 g4 11. Nd4 Ncxe5 12. N2b3 Nxd3 13. Qxd3 Qc7 14. Bh6 Nf6
15. Bg7 Rg8 16. Bxf6 Bxf6 17. Nf5 Kf8 18. Nd6 Rg6 19. c4 dxc4 20. Nxc4 Bd7 21.
Rab1 Bc6 22. Qd6+ Qxd6 23. Nxd6 Be7 24. Nc4 Rg5 25. Re5 Rxe5 26. Nxe5 Bd5 27.
Rc1 Rd8 28. Nxg4 Bxb3 29. axb3 Bxc5 30. Kf1 b6 31. Ke2 Rd5 32. Ne3 Re5 33. Kd3
Bxe3 34. fxe3 Rd5+ 35. Ke2 Ke7 36. Rc4 Kd6 37. Rf4 f5 38. Rb4 Rb5 39. Rxb5 axb5
40. b4 Kd5 41. Kd3 Ke5 42. g3 h6 43. h3 h5 44. h4 Kd5 45. b3 Ke5 46. Kd2 Ke4 47.
Ke2 e5 48. Kf2 f4 49. exf4 exf4 50. Kg2 Ke3 51. Kh2 f3 52. Kg1 Ke2 53. Kh1 f2
54. Kh2 f1=Q 0-1

[Event "Graz Casino Open 2014"]
[Site "Graz AUT"]
[Date "2014.02.16"]
[Round "4.15"]
[White "Prosviriakov, Vladimir"]
[Black "Goessler, Markus"]
[Result "1/2-1/2"]
[WhiteTitle "IM"]
[WhiteElo "2268"]
[BlackElo "2154"]
[WhiteFideId "2004860"]
[BlackFideId "1633260"]
[EventDate "2014.02.14"]

1. d4 Nf6 2. Nf3 d5 3. Bf4 e6 4. e3 Bd6 5. Nbd2 b6 6. Ne5 O-O 7. Bd3 c5 8. c3
Ba6 9. Bxa6 Nxa6 10. Qf3 Qc7 11. O-O Rac8 12. a4 Nb8 13. Qe2 Nfd7 14. Nxd7 Nxd7
15. Bxd6 1/2-1/2

[Event "Graz Casino Open 2014"]
[Site "Graz AUT"]
[Date "2014.02.16"]
[Round "4.16"]
[White "Horvath, Reka"]
[Black "Martinez Reyes, Pedro Ramon"]
[Result "0-1"]
[BlackTitle "CM"]
[WhiteElo "2034"]
[BlackElo "2266"]
[WhiteFideId "724971"]
[BlackFideId "3901807"]
[EventDate "2014.02.14"]

1. Nf3 e6 2. d4 b5 3. e4 Bb7 4. Bd3 c5 5. c3 a6 6. O-O Nf6 7. Qe2 Be7 8. a4 c4
9. Bc2 d5 10. exd5 Qxd5 11. axb5 axb5 12. Rxa8 Bxa8 13. Na3 Nbd7 14. b3 cxb3 15.
Nxb5 O-O 16. c4 Qh5 17. Bxb3 Bc6 18. Ba3 Bxa3 19. Nxa3 Ne4 20. Qe3 Ra8 21. Bc2
Nd6 22. c5 Bxf3 23. gxf3 Nf5 24. Bxf5 Qxf5 25. Nc4 Nf6 26. Ne5 Nd5 27. Qe4 Qg5+
28. Qg4 Qd2 29. Kh1 f5 30. Qh5 Rf8 31. Qh4 Nf4 32. Rg1 Qxd4 33. Nc6 Qxc5 34.
Ne7+ Kh8 35. Qg5 Rf7 36. Qxf4 Qxe7 37. Qe5 Qb7 38. Kg2 Rf6 39. Rc1 Rg6+ 40. Kf1
h6 41. Qc3 Kh7 42. h4 Qa6+ 43. Qc4 Qxc4+ 44. Rxc4 Rf6 45. Kg2 Kg6 46. Kh3 Kh5
47. Rc7 Rg6 48. Re7 Rg1 49. Rxe6 Rh1+ 50. Kg3 Rxh4 51. Re7 g6 52. Re6 Rh1 53.
Kg2 Rb1 54. f4 Rb3 55. Ra6 Rb4 56. Kg3 g5 57. fxg5 Rg4+ 58. Kh2 Kxg5 59. Ra3 h5
60. Rb3 Kf4 61. Ra3 Rg8 62. Rb3 Ke4 63. Ra3 f4 64. Ra5 Kf3 65. Rxh5 Kxf2 66. Rf5
Rh8+ 0-1

[Event "Graz Casino Open 2014"]
[Site "Graz AUT"]
[Date "2014.02.16"]
[Round "4.17"]
[White "Gutmann, Alois"]
[Black "Wittmann, Walter"]
[Result "1/2-1/2"]
[BlackTitle "IM"]
[WhiteElo "2050"]
[BlackElo "2218"]
[WhiteFideId "1614983"]
[BlackFideId "1600060"]
[EventDate "2014.02.14"]

1. b3 d5 2. Bb2 Bg4 3. g3 c6 4. Bg2 Nd7 5. Nf3 e6 6. O-O h6 7. d3 Ngf6 8. Nbd2
Be7 9. h3 Bf5 10. Qe1 O-O 1/2-1/2

[Event "Graz Casino Open 2014"]
[Site "Graz AUT"]
[Date "2014.02.16"]
[Round "4.18"]
[White "Froewis, Annika"]
[Black "Bachler, Reinhard"]
[Result "0-1"]
[WhiteElo "2021"]
[BlackElo "2205"]
[WhiteFideId "1621432"]
[BlackFideId "1600273"]
[EventDate "2014.02.14"]

1. e4 c5 2. Nf3 d6 3. d4 cxd4 4. Nxd4 Nf6 5. Nc3 a6 6. Be3 e5 7. Nb3 Be6 8. f3
Nbd7 9. Qd2 Rc8 10. O-O-O Nb6 11. g4 h6 12. h4 Nfd7 13. Kb1 Qc7 14. Rg1 h5 15.
Qf2 Nc4 16. Bxc4 Qxc4 17. g5 Be7 18. f4 exf4 19. Bxf4 Ne5 20. Rd4 Qc7 21. Nd5
Bxd5 22. Rxd5 Ng6 23. Bg3 Ne5 24. c3 g6 25. Qd4 O-O 26. Bxe5 dxe5 27. Qxe5 Qxe5
28. Rxe5 Bd6 29. Rd5 Bh2 30. Rg2 Bf4 31. Nc5 Rfe8 32. Nd7 Kg7 33. e5 Re7 34. Re2
Bg3 35. Re4 Rd8 36. Rd3 Bxh4 37. Rxh4 Rdxd7 38. Rxd7 Rxd7 39. Kc2 Kf8 40. c4 Ke7
41. Rf4 Ke6 42. b4 Kxe5 43. Rf6 h4 44. a4 h3 45. Rf3 Rd4 46. Rxh3 Rxc4+ 47. Kb3
b5 48. Rh8 a5 49. bxa5 Rxa4 50. Rf8 Ke6 51. Re8+ Kf5 52. Re7 Kxg5 53. Rxf7 Rxa5
54. Kb4 Ra2 55. Kxb5 Kg4 56. Kc4 Ra3 57. Kd4 Rf3 58. Rg7 g5 59. Ke4 Rf8 60. Ke3
Kh4 61. Ke2 g4 62. Rh7+ Kg3 63. Rg7 Kh3 64. Rh7+ Kg2 65. Re7 g3 66. Re6 Kg1 67.
Rg6 g2 68. Rg7 Re8+ 69. Kd2 Re5 0-1

[Event "Graz Casino Open 2014"]
[Site "Graz AUT"]
[Date "2014.02.16"]
[Round "4.19"]
[White "Weinberger, Simon"]
[Black "Kravanja, Georg"]
[Result "1/2-1/2"]
[WhiteElo "2008"]
[BlackElo "2184"]
[WhiteFideId "1618202"]
[BlackFideId "1622366"]
[EventDate "2014.02.14"]

1. d4 Nf6 2. Nf3 g6 3. Nbd2 d5 4. e3 Bg7 5. Bd3 O-O 6. Ne5 Nfd7 7. Nxd7 Nxd7 8.
O-O e5 9. c3 e4 10. Be2 f5 11. c4 c6 12. cxd5 cxd5 13. Nb3 a5 14. a4 Nf6 15. Bd2
b6 16. Rc1 Bd7 17. Na1 Qe7 18. b3 Qd6 19. Qc2 Rfc8 20. Qb2 Rcb8 21. b4 axb4 22.
Bxb4 Qe6 23. Bb5 g5 24. Qe2 f4 25. Nb3 Bf8 26. Bxf8 Rxf8 27. Rfd1 f3 28. Qf1 Ng4
29. g3 Rfc8 30. Bxd7 Qxd7 31. a5 bxa5 32. Nc5 Qf5 33. h3 Nf6 34. Kh2 Nd7 35. Qb5
Nxc5 36. Rxc5 Rcb8 37. Qc6 Rd8 38. Ra1 Qd7 39. Qf6 Qg7 40. Qc6 Qg6 41. Qb5 Qe6
42. Rxa5 Rab8 43. Qf1 Rb2 44. Rab5 Re2 45. Kg1 h5 46. Rb7 Rd7 47. Rcc7 Rxc7 48.
Rxc7 1/2-1/2

[Event "Graz Casino Open 2014"]
[Site "Graz AUT"]
[Date "2014.02.16"]
[Round "4.20"]
[White "Bjerke, Silje"]
[Black "Hapala, Lisa"]
[Result "1-0"]
[WhiteTitle "WIM"]
[WhiteElo "2181"]
[BlackElo "2054"]
[WhiteFideId "1502786"]
[BlackFideId "1622080"]
[EventDate "2014.02.14"]

1. e4 e5 2. Nf3 Nc6 3. Bb5 a6 4. Ba4 Nf6 5. O-O Be7 6. d3 b5 7. Bb3 d6 8. a4 b4
9. a5 O-O 10. Nbd2 Nb8 11. Nc4 Nbd7 12. Be3 Bb7 13. h3 c5 14. Re1 Bc6 15. Bd2
Re8 16. Ne3 g6 17. Ng5 Rf8 18. Ng4 Nxg4 19. Qxg4 Nf6 20. Qe2 Nh5 21. Nf3 Bf6 22.
Nh2 Bg5 23. Ng4 Nf4 24. Bxf4 Bxf4 25. g3 h5 26. gxf4 hxg4 27. Qxg4 Kg7 28. f5
Rh8 29. Re3 Rh4 30. Qg2 g5 31. Rg3 f6 32. Rg4 Qh8 33. Kh2 Qh5 34. Rg1 Rh8 35.
Rxh4 Qxh4 36. Qg3 Qh5 37. Kg2 Qh7 38. Be6 Ba4 39. b3 Bc6 40. Rh1 Qh4 41. Rc1 Qh5
42. c3 bxc3 43. Rxc3 Qd1 44. b4 Qd2 45. Rb3 Ba4 46. Rb1 Bc2 47. Rh1 Bxd3 48. Qf3
Be2 49. Qg3 Bd3 50. Qf3 Rh4 51. Rd1 Bxe4 52. Rxd2 cxb4 53. Rxd6 Bxf3+ 54. Kxf3
Rxh3+ 55. Kg2 Ra3 56. Rxa6 b3 57. Ra7+ Kh8 58. a6 b2 59. Rb7 Rxa6 60. Rxb2 Kg7
61. Rb7+ Kh6 62. Rf7 g4 63. Rxf6+ Kg5 64. Rg6+ Kf4 65. Bc8 Ra8 66. Rg8 Ra7 67.
f6 e4 68. Rg7 Ra8 69. f7 Rxc8 70. Rg8 1-0

[Event "Graz Casino Open 2014"]
[Site "Graz AUT"]
[Date "2014.02.16"]
[Round "4.21"]
[White "Luu, Duc Hai"]
[Black "Zimmermann, Heinz"]
[Result "0-1"]
[WhiteElo "1927"]
[BlackElo "2177"]
[WhiteFideId "12412228"]
[BlackFideId "1600559"]
[EventDate "2014.02.14"]

1. d4 Nf6 2. c4 d6 3. Nc3 g6 4. e4 Bg7 5. f3 a6 6. Bd3 Nc6 7. Be3 e5 8. d5 Nd4
9. Nge2 Nd7 10. Bb1 Qh4+ 11. Bf2 Qf6 12. Nxd4 exd4 13. Ne2 d3 14. Qxd3 Qxb2 15.
Bd4 Qb4+ 16. Bc3 Bxc3+ 17. Qxc3 Qxc3+ 18. Nxc3 Ne5 19. a4 Nxc4 20. Bd3 Ne5 21.
Be2 Nd7 22. O-O O-O 23. Rfc1 Nc5 24. Bc4 Bd7 25. Ra2 Kg7 26. Rb1 b6 27. h3 f5
28. Re1 fxe4 29. Nxe4 Rae8 30. Nxc5 Rxe1+ 31. Kf2 Rc1 32. Nxd7 Rf7 33. Nxb6 cxb6
34. Bxa6 Rc5 35. Rb2 Rfc7 36. Rxb6 Rxd5 37. Bb5 Rc2+ 38. Ke3 Rxg2 39. a5 Rb2 40.
Bc4 Re5+ 41. Kd3 Rxb6 42. axb6 Re8 43. Bd5 Kf6 44. Kc4 Rc8+ 45. Kb4 Ke5 46. b7
Rb8 47. Bc6 d5 48. Kc5 d4 49. Be4 d3 50. Kc6 d2 51. Bc2 Kf4 52. Bd1 Kg3 53. Kc7
Rf8 54. b8=Q Rxb8 55. Kxb8 Kxh3 56. Kc7 Kg3 57. Kd6 Kf4 58. Kd5 h5 59. Kd4 h4
60. Kd3 h3 0-1

[Event "Graz Casino Open 2014"]
[Site "Graz AUT"]
[Date "2014.02.16"]
[Round "4.22"]
[White "Wallner, Dieter"]
[Black "Kopinits, Anna-Christina"]
[Result "1-0"]
[BlackTitle "WIM"]
[WhiteElo "2085"]
[BlackElo "2260"]
[WhiteFideId "1604619"]
[BlackFideId "1614142"]
[EventDate "2014.02.14"]

1. d4 d5 2. Nf3 c6 3. c4 Nf6 4. e3 e6 5. b3 Ne4 6. Bd3 Bd6 7. O-O O-O 8. Ba3
Bxa3 9. Nxa3 Nd6 10. c5 Ne8 11. b4 Nd7 12. Nc2 Nc7 13. a4 Qf6 14. Re1 e5 15. e4
exd4 16. e5 Qh6 17. Ncxd4 g6 18. Qc2 Re8 19. b5 Nb8 20. h3 Ne6 21. Nxe6 Bxe6 22.
Rab1 Nd7 23. bxc6 bxc6 24. Nd4 Qg5 25. Qc1 Qh4 26. f4 Bxh3 27. Qe3 Bg4 28. Nxc6
Rec8 29. g3 Qh5 30. Ne7+ Kg7 31. Rb2 Bf3 32. Rh2 Qg4 33. Kf2 Rxc5 34. f5 g5 35.
f6+ Kf8 36. Rxh7 Ke8 37. Rh8+ Nf8 38. Qxc5 1-0

[Event "Graz Casino Open 2014"]
[Site "Graz AUT"]
[Date "2014.02.16"]
[Round "4.23"]
[White "Legenstein, Robert"]
[Black "Jicman, Ligia-Letitia"]
[Result "1/2-1/2"]
[BlackTitle "WIM"]
[WhiteElo "2050"]
[BlackElo "2166"]
[WhiteFideId "1619667"]
[BlackFideId "1201581"]
[EventDate "2014.02.14"]

1. e4 c5 2. Nf3 Nc6 3. d4 cxd4 4. Nxd4 g6 5. c4 Nf6 6. Nc3 d6 7. Be2 Nxd4 8.
Qxd4 Bg7 9. Bg5 O-O 10. Qd2 Be6 11. Rc1 a5 12. b3 Qb6 13. O-O Rfc8 14. Kh1 Qb4
15. f3 Bd7 16. e5 Ne8 17. Nd5 Qxd2 18. Bxd2 Rd8 19. Nxe7+ Kf8 20. exd6 Nxd6 21.
Nd5 Bc6 22. Bg5 Re8 23. Nc7 Rxe2 24. Nxa8 h6 25. Bf4 Nf5 26. Rfe1 Rxa2 27. Rcd1
Kg8 28. Nb6 g5 29. Be5 Nh4 30. Ra1 Rxg2 31. Nd5 Bxe5 32. Rxe5 Rb2 33. Re3 Kg7
34. Rf1 Bd7 35. f4 g4 36. Rg3 h5 37. Kg1 Nf5 38. Rd3 a4 39. Rf2 Rxb3 40. Rxb3
axb3 41. Rb2 Nd4 42. Kf2 Bc6 43. Ke3 Nf5+ 44. Ke4 Nd6+ 45. Kd4 b5 46. cxb5 Nxb5+
47. Kc5 Bxd5 48. Kxd5 Nc7+ 49. Ke5 f6+ 50. Kd6 Nb5+ 51. Kc5 Nc7 52. f5 Kh6 53.
Rxb3 Ne8 54. Rb8 Ng7 55. Rh8+ Kg5 56. Rg8 Kh6 1/2-1/2

[Event "Graz Casino Open 2014"]
[Site "Graz AUT"]
[Date "2014.02.16"]
[Round "4.24"]
[White "Titz, Heimo"]
[Black "Spelec, Darko"]
[Result "1/2-1/2"]
[WhiteTitle "FM"]
[WhiteElo "2165"]
[BlackElo "2036"]
[WhiteFideId "1601520"]
[BlackFideId "14602423"]
[EventDate "2014.02.14"]

1. c4 e6 2. g3 f5 3. Bg2 Nf6 4. Nf3 Be7 5. O-O O-O 6. Nc3 d6 7. d4 Qe8 8. b3 Qh5
9. Bb2 g5 10. e3 Qg6 11. Qc2 Nc6 12. Rad1 a6 13. Qb1 Qh5 14. d5 g4 15. Ne1 Ne5
16. Ne2 Nf3+ 17. Bxf3 gxf3 18. Nf4 Qh6 19. dxe6 Ne4 20. Nxf3 Bxe6 21. Kg2 Kf7
22. Qd3 c6 23. Qe2 Bd7 24. Nd4 c5 25. Nf3 Rg8 26. Ne1 Bc6 27. Nd5 Rg5 28. Nf3
Rh5 29. h3 Rg8 30. Rg1 Rxh3 31. Kf1 Rh1 32. Ke1 Rxg1+ 33. Nxg1 Bd8 34. Qf3 Rg5
35. Qg2 Ba5+ 36. Ke2 Qg6 37. Rf1 Qh5+ 38. Nf3 Qg4 39. Rh1 Rh5 40. Rxh5 Qxh5 41.
Nf4 Qg4 42. Qh3 Nc3+ 43. Bxc3 Bxf3+ 44. Kd2 Bxc3+ 45. Kxc3 Qg7+ 46. Kc2 Be4+ 47.
Nd3 b5 48. f3 b4 49. fxe4 Qc3+ 50. Kb1 Qxd3+ 51. Kb2 Qxe4 52. Qxh7+ Ke8 53. Qg8+
Kd7 54. Qg5 a5 55. Qg7+ Kc6 56. Qf8 1/2-1/2

[Event "Graz Casino Open 2014"]
[Site "Graz AUT"]
[Date "2014.02.16"]
[Round "4.25"]
[White "Deutschmann, Robert Peter"]
[Black "Ernst, Michael"]
[Result "0-1"]
[WhiteElo "2014"]
[BlackElo "2163"]
[WhiteFideId "1609785"]
[BlackFideId "1618393"]
[EventDate "2014.02.14"]

1. d4 Nf6 2. c4 e6 3. Nf3 d5 4. Nc3 Bb4 5. e3 O-O 6. a3 Bxc3+ 7. bxc3 c5 8. Bd3
Qc7 9. Qc2 b6 10. O-O Ba6 11. cxd5 Bxd3 12. Qxd3 exd5 13. a4 c4 14. Qf5 Nc6 15.
Ba3 Rfe8 16. Nd2 Rad8 17. Rae1 Ne7 18. Bxe7 Qxe7 19. f3 Qa3 20. Qc2 a6 21. e4 b5
22. axb5 axb5 23. Ra1 Qe7 24. e5 Nh5 25. f4 Qh4 26. f5 b4 27. f6 gxf6 28. Nf3
Qe4 29. Qd2 bxc3 30. Qxc3 Nf4 31. Qd2 fxe5 32. dxe5 Nd3 33. Kh1 Rd7 34. Ra6 Qf4
35. Qd1 Re6 36. Ra8+ Kg7 37. Qa4 Nxe5 38. Qa1 d4 39. Qa3 Rde7 40. Qa5 Nxf3 41.
gxf3 c3 42. Qd8 Re8 43. Rg1+ Kh6 44. Qd5 Rxa8 45. Qxa8 c2 46. Qf8+ Kh5 47. Qc5+
Re5 48. Qa3 Re3 49. Qc5+ f5 50. Rg3 Re1+ 51. Kg2 Re2+ 0-1

[Event "Graz Casino Open 2014"]
[Site "Graz AUT"]
[Date "2014.02.16"]
[Round "4.26"]
[White "Guo, Emma"]
[Black "Hatzl, Johannes"]
[Result "1/2-1/2"]
[WhiteTitle "WIM"]
[WhiteElo "1997"]
[BlackElo "2141"]
[WhiteFideId "3200795"]
[BlackFideId "1610600"]
[EventDate "2014.02.14"]

1. d4 d5 2. c4 e6 3. Nf3 c6 4. Nbd2 Nf6 5. g3 Bd6 6. Bg2 Nbd7 7. O-O O-O 8. b3
b6 9. Bb2 Bb7 10. Re1 Rc8 11. e4 dxe4 12. Ng5 c5 13. Ngxe4 Nxe4 14. Nxe4 Bxe4
15. Bxe4 Nf6 16. Bc2 cxd4 17. Qxd4 Be7 18. Qh4 h6 19. Re2 Rc7 20. Rae1 Rd7 21.
Bc3 Qc7 22. Re3 Qc6 23. Qf4 Nh7 24. h4 Nf6 25. g4 Bd6 26. Be5 Bxe5 27. Rxe5 Rfd8
28. g5 Rd4 29. Be4 Nxe4 30. R5xe4 Rxe4 31. Qxe4 Qxe4 32. Rxe4 hxg5 33. hxg5 Rd2
34. a3 Kf8 35. Re3 Ke7 36. Kf1 Ra2 37. b4 Rc2 38. Re4 Rc3 39. a4 Ra3 40. c5 Rxa4
41. cxb6 axb6 42. Rc4 Kd6 43. Rd4+ Ke5 44. Rd7 Kf5 45. Rxf7+ Kxg5 46. Rxg7+ Kf5
47. Rf7+ Ke5 48. f4+ Ke4 49. b5 Rb4 50. Rf6 Rxb5 51. Rxe6+ Kxf4 52. Ke2 Kf5 53.
Re3 Rb2+ 54. Kd1 Kf4 55. Re8 Rb5 56. Kc2 Re5 57. Rxe5 1/2-1/2

[Event "Graz Casino Open 2014"]
[Site "Graz AUT"]
[Date "2014.02.16"]
[Round "4.27"]
[White "Wegerer, Fred"]
[Black "Perdomo Araujo, Angel Eduardo"]
[Result "1-0"]
[WhiteTitle "FM"]
[WhiteElo "2140"]
[BlackElo "2010"]
[WhiteFideId "1601113"]
[BlackFideId "3902528"]
[EventDate "2014.02.14"]

1. Nf3 d5 2. e3 Nf6 3. b3 Bf5 4. Ba3 g6 5. d4 Bg7 6. Bd3 Bxd3 7. cxd3 O-O 8. O-O
Nbd7 9. Nbd2 Re8 10. Rc1 e5 11. dxe5 Nxe5 12. Nxe5 Rxe5 13. Nf3 Re8 14. Qc2 c6
15. Bb2 Nd7 16. Bxg7 Kxg7 17. b4 Qf6 18. Qb3 a6 19. a4 Ne5 20. Nxe5 Qxe5 21. Rc5
f5 22. b5 axb5 23. axb5 Ra1 24. bxc6 Rxf1+ 25. Kxf1 bxc6 26. Qb7+ Re7 27. Qxc6
Qxh2 28. Qxd5 Qh1+ 29. Ke2 Qh5+ 30. Kd2 Qh4 31. g3 Qb4+ 32. Ke2 Qg4+ 33. Kd2
Qb4+ 34. Rc3 Ra7 35. Qe5+ Kh6 36. Qf4+ Qxf4 37. exf4 Kh5 38. d4 Kg4 39. Ke2 h5
40. Rc6 Ra2+ 41. Kd3 Rxf2 42. Rxg6+ Kf3 43. d5 Rf1 44. Kd4 h4 45. gxh4 Kxf4 46.
h5 Rd1+ 47. Kc5 Rc1+ 48. Kd6 Ke4 49. Re6+ Kd4 50. Rf6 Ke4 51. Ke6 f4 52. d6 1-0

[Event "Graz Casino Open 2014"]
[Site "Graz AUT"]
[Date "2014.02.16"]
[Round "4.29"]
[White "Wiener, Alexander"]
[Black "Wieser, Andreas1"]
[Result "0-1"]
[WhiteElo "1808"]
[BlackElo "2107"]
[WhiteFideId "1636081"]
[BlackFideId "1612174"]
[EventDate "2014.02.14"]

1. Nf3 d5 2. g3 c5 3. Bg2 Nc6 4. d4 Bg4 5. O-O Bxf3 6. exf3 cxd4 7. f4 g6 8. b4
Qb6 9. Nd2 e6 10. Rb1 Bg7 11. b5 Na5 12. Qe2 Ne7 13. Ba3 Rc8 14. Bxe7 Kxe7 15.
Bxd5 Rxc2 16. Be4 Rc3 17. Bd3 Rd8 18. Ne4 Rc7 19. Rfe1 Kf8 20. Ng5 h6 21. Nf3
Bf6 22. Ne5 Kg7 23. h4 h5 24. Qe4 Rc3 25. Nxf7 Kxf7 26. Qxg6+ Ke7 27. Qh7+ Kd6
28. Rxe6+ Kxe6 29. Re1+ Kd6 30. Qf7 Kc5 31. Qxh5+ Rd5 32. Qf3 Nc4 33. Re8 Qxb5
34. Rc8+ Kb4 35. Qd1 Ka5 36. Ra8 a6 37. Rf8 Qc6 38. Be4 Qe6 39. Bxd5 Qxd5 40.
Rxf6 b5 41. h5 d3 42. h6 d2 43. h7 Rc1 0-1